01189cam a22003014a 45000010005000000030006000050050017000110080041000280100017000690200022000860200018001080400018001260500023001440820014001671000022001812450048002032500035002512600035002863000023003215200282003445210020006265860060006466500050007066500041007566500044007976500023008416500023008642425FISKH20231205152255.0010601s2000 enk c 000 1 eng  a 2001347668 a0141304766 (pbk.) a9780141377353 aDLCcDLCbeng00aPZ7.N1384bOt 200000a[Fic]2211 aNaidoo, Beverley.14aThe other side of truth /cBeverley Naidoo. aReissued in this edition 2017  aLondon :bPuffin Books,c2000. a330 pages :c20 cm aSmuggled out of Nigeria after their mother's murder, Sade and her younger brother are abandoned in London when their uncle fails to meet them at the airport and they are fearful of their new surroundings and of what may have happened to their journalist father back in Nigeria.8 a730 bLexile  aNestlé Smarties Book Prize: Silver Award Winner, 2000 0aNigerianszEnglandzLondonvJuvenile fiction. 1aNigerianszEnglandzLondonvFiction. 1aBlack peoplezEnglandzLondonvFiction. 1aRefugeesvFiction. 1aSiblingsvFiction.